| 000 | 00817nam a22002057a 4500 | ||
|---|---|---|---|
| 008 | 250722b |||||||| |||| 00| 0 eng d | ||
| 020 | _a9780198743224 | ||
| 040 |
_aCUZ _beng _crda _dCUZ _erda |
||
| 050 | _aKJE6698.L44LEG | ||
| 245 |
_aLegal aspects of EU energy regulation: _bThe Consolidation of energy law across Europe _cedited by Peter D. Cameron and Raphael J. Heffron |
||
| 264 |
_aNew York _bOxford University press _c©2016 |
||
| 300 | _aextent lxxviii,754pages | ||
| 336 |
_atext _btxt |
||
| 337 |
_aunmediated _bn |
||
| 338 | _2rdacarrier | ||
| 500 | _aincludes index | ||
| 650 |
_a Law _a Law Regional organization and integration (Europe) _aEnergy industry. Energy policy |
||
| 942 |
_cOS _i6698.L44LEG _kKJE |
||
| 999 |
_c45276 _d45276 |
||